Introduction to Web Technology (Record no. 1252)
[ view plain ]
| 000 -LEADER | |
|---|---|
| Fixed length control field | 00465nam a2200181 4500 |
| 003 - CONTROL NUMBER IDENTIFIER | |
| Control field | SEACOMMC |
| 005 - DATE AND TIME OF LATEST TRANSACTION | |
| Control field | 20260326120532.0 |
| 008 - FIXED-LENGTH DATA ELEMENTS--GENERAL INFORMATION | |
| Fixed length control field | 260326b |||||||| |||| 00| 0 eng d |
| 020 ## - INTERNATIONAL STANDARD BOOK NUMBER / ISBN | |
| International Standard Book Number | 978-8189757632 |
| 040 ## - CATALOGING SOURCE | |
| Original cataloging agency | SEACOMMC |
| 082 ## - DEWEY DECIMAL CLASSIFICATION NUMBER | |
| Classification number | 004.678 |
| Book Number | P193 |
| 100 ## - MAIN ENTRY--PERSONAL NAME | |
| Personal name | Sharma, Pankaj |
| 245 ## - TITLE STATEMENT | |
| Title | Introduction to Web Technology |
| Statement of responsibility | Pankaj Sharma |
| 250 ## - EDITION STATEMENT | |
| Edition statement | 4th ed. |
| 260 ## - IMPRINT | |
| Place of publication | New Delhi |
| Name of publisher | Kataria |
| Date of publication | 2011 |
| 300 ## - PHYSICAL DESCRIPTION | |
| Page / Vol. No | 600 p. |
| Dimensions | 20.3 x 25.4 x 4.7 cm |
| 942 ## - ADDED ENTRY ELEMENTS (KOHA) | |
| Koha item type | Gifted/Donated Books |
| Withdrawn status | Lost status | Source of classification | Damaged status | Not for loan | Home library | Current library | Date acquired | Total Checkouts | Call number | Accession number | Date last seen | Copy number | Price effective from | Koha item type |
|---|---|---|---|---|---|---|---|---|---|---|---|---|---|---|
| Dewey Decimal Classification | SEACOM MANAGEMENT COLLEGE | SEACOM MANAGEMENT COLLEGE | 26/03/2026 | 004.678 P193 | G22 | 26/03/2026 | 1 | 26/03/2026 | Gifted/Donated Books |
